[Event "33. Copenhagen Open (Politiken Cup)"]
[Site "Elsinore"]
[Date "2011.08.07"]
[Round "10"]
[White "Nielsen, Frode Benedikt"]
[Black "Larsen, Arne Walther"]
[Result "1-0"]
[WhiteElo "2028"]
[BlackElo "1851"]
[PlyCount "95"]
[EventDate "2011.07.30"]
[EventType "swiss"]
[EventRounds "10"]
[EventCountry "DEN"]
[Source "ChessBase"]
[SourceDate "2011.08.29"]

1. e3 g6 2. c4 Bg7 3. Nc3 d6 4. b3 e5 5. Bb2 Nc6 6. h4 h5 7. Be2 Bf5 8. Nf3 Nf6
9. d4 exd4 10. Nxd4 Nxd4 11. Qxd4 O-O 12. Nd5 Ne8 13. Qd2 Bxb2 14. Qxb2 c6 15.
Nf4 Qa5+ 16. b4 Qe5 17. O-O-O a5 18. b5 Nc7 19. b6 Ne6 20. Qxe5 dxe5 21. Nxe6
Bxe6 22. c5 Bxa2 23. Rd7 Rab8 24. Rhd1 Be6 25. Rc7 Rfc8 26. Rxc8+ Rxc8 27. Rd6
a4 28. Kb2 Kf8 29. Ka3 Ra8 30. e4 Ke7 31. f3 Ra5 32. Rxc6 Bd7 33. Rc7 Kd8 34.
Bc4 Bc6 35. Kb4 Ra8 36. Rxf7 a3 37. Rf8+ Be8 38. c6 bxc6 39. Ba2 Ke7 40. Rh8
Kd6 41. b7 c5+ 42. Kc3 Rb8 43. Bd5 Kc7 44. Rh7+ Kb6 45. Re7 Bb5 46. Kb3 Bf1 47.
Re6+ Ka7 48. Rxg6 1-0

[Event "33. Copenhagen Open (Politiken Cup)"]
[Site "Elsinore"]
[Date "2011.08.07"]
[Round "10"]
[White "Nielsen, Jens Holm"]
[Black "Dyrhaug, Erling Skjolas"]
[Result "1-0"]
[WhiteElo "1920"]
[BlackElo "1000"]
[PlyCount "83"]
[EventDate "2011.07.30"]
[EventType "swiss"]
[EventRounds "10"]
[EventCountry "DEN"]
[Source "ChessBase"]
[SourceDate "2011.08.29"]

1. Nc3 e6 2. g3 d5 3. e4 Nf6 4. Bg2 Be7 5. Nh3 O-O 6. O-O b6 7. f4 Bb7 8. e5
Nfd7 9. Qg4 Re8 10. d3 Nc6 11. Nd1 Nb4 12. Qe2 f6 13. c3 Nc6 14. d4 a5 15. Re1
fxe5 16. fxe5 Rf8 17. Qg4 Rf5 18. Bxd5 exd5 19. Qxf5 Kh8 20. Ng5 Bxg5 21. Bxg5
Qe8 22. Bd2 Qe7 23. Qg5 Qe6 24. Rf1 Qh3 25. Qf5 Qxf5 26. Rxf5 g6 27. Rf7 Ncb8
28. e6 Bc6 29. exd7 Nxd7 30. Ne3 Rd8 31. Ng4 Rf8 32. Rxf8+ Nxf8 33. Ne5 Be8 34.
Re1 Kg7 35. Ng4 Bd7 36. Bh6+ Kg8 37. Nf6+ Kf7 38. Nxd7 Nxd7 39. Bf4 c5 40. dxc5
bxc5 41. Bd6 c4 42. Re7+ 1-0

[Event "33. Copenhagen Open (Politiken Cup)"]
[Site "Elsinore"]
[Date "2011.08.07"]
[Round "10"]
[White "Nielsen, Kai Gylling"]
[Black "Jorgensen, Carina Eilegaard"]
[Result "1-0"]
[WhiteElo "1890"]
[BlackElo "2030"]
[PlyCount "91"]
[EventDate "2011.07.30"]
[EventType "swiss"]
[EventRounds "10"]
[EventCountry "DEN"]
[Source "ChessBase"]
[SourceDate "2011.08.29"]

1. Nf3 d5 2. b3 c5 3. Bb2 e6 4. e3 Nf6 5. c4 Nc6 6. cxd5 exd5 7. d4 b6 8. Bb5
Bd7 9. O-O a6 10. Bxc6 Bxc6 11. Ne5 Bb7 12. Nd2 Be7 13. Rc1 O-O 14. f4 Rc8 15.
g4 b5 16. g5 Ne4 17. Nxe4 dxe4 18. Qh5 cxd4 19. Bxd4 Qd5 20. Ng4 f6 21. Qh3
fxg5 22. f5 Bd8 23. Rcd1 Qc6 24. Rf2 Bf6 25. Nxf6+ gxf6 26. Qh6 Qd7 27. h4 Rc7
28. hxg5 Qg7 29. Rg2 Kf7 30. Qxg7+ Kxg7 31. gxf6+ Kh6 32. Be5 Rcc8 33. Bf4+ Kh5
34. Rd7 h6 35. Rxb7 Rxf6 36. Rh7 Rc1+ 37. Kh2 Rc5 38. Rg6 Rxg6 39. fxg6 Rc2+
40. Kg3 Kxg6 41. Rxh6+ Kf5 42. Rxa6 b4 43. Ra5+ Kf6 44. Bd6 Re2 45. Kf4 Rh2 46.
Kxe4 1-0

[Event "33. Copenhagen Open (Politiken Cup)"]
[Site "Elsinore"]
[Date "2011.08.07"]
[Round "10"]
[White "Nielsen, Leonard de Freitas"]
[Black "Petersen, Jan Han"]
[Result "1-0"]
[WhiteElo "1775"]
[BlackElo "1396"]
[PlyCount "47"]
[EventDate "2011.07.30"]
[EventType "swiss"]
[EventRounds "10"]
[EventCountry "DEN"]
[Source "ChessBase"]
[SourceDate "2011.08.29"]

1. e4 e6 2. Nf3 d5 3. exd5 exd5 4. d4 Bg4 5. Be2 c6 6. Ne5 Bxe2 7. Qxe2 Qe7 8.
O-O Nd7 9. f4 Ngf6 10. c4 dxc4 11. Qxc4 Nxe5 12. fxe5 Nd5 13. Nc3 Qb4 14. Qd3
Nxc3 15. bxc3 Qa5 16. Qf5 Qd5 17. Bg5 f6 18. exf6 Qxf5 19. Rxf5 gxf6 20. Re1+
Kf7 21. Rxf6+ Kg7 22. Ref1 Ba3 23. Bh6+ Kg8 24. R1f4 1-0

[Event "33. Copenhagen Open (Politiken Cup)"]
[Site "Elsinore"]
[Date "2011.08.07"]
[Round "10"]
[White "Nielsen, Palle"]
[Black "Larsen, Henrik Falk"]
[Result "1-0"]
[WhiteElo "1824"]
[BlackElo "1619"]
[PlyCount "99"]
[EventDate "2011.07.30"]
[EventType "swiss"]
[EventRounds "10"]
[EventCountry "DEN"]
[Source "ChessBase"]
[SourceDate "2011.08.29"]

1. e4 c5 2. Nf3 e6 3. d4 cxd4 4. Nxd4 Nf6 5. Nc3 Nc6 6. Ndb5 a6 7. Nd6+ Bxd6 8.
Qxd6 Qe7 9. Qg3 Nb4 10. Bd3 Nxd3+ 11. cxd3 d6 12. O-O e5 13. Bg5 Be6 14. f4
exf4 15. Qxf4 h6 16. Bxf6 gxf6 17. Rae1 O-O-O 18. Nd5 Bxd5 19. exd5 Qd7 20.
Qxf6 Rde8 21. Rc1+ Kb8 22. Qxf7 Re7 23. Qf6 Rg8 24. Qxh6 Rh7 25. Rf8+ Rxf8 26.
Qxf8+ Ka7 27. Qf2+ Kb8 28. b3 Rf7 29. Qd4 Qf5 30. Re1 Rf8 31. h3 Rg8 32. g4 Qf3
33. Qe3 Qxd5 34. Kh2 Rf8 35. Kg3 Qf7 36. h4 d5 37. h5 Ka8 38. Kh4 Qf6+ 39. g5
Qd6 40. Qe5 Qb4+ 41. d4 Qd2 42. h6 Qf2+ 43. Kh5 Qf3+ 44. Kh4 Rf4+ 45. Qxf4
Qxf4+ 46. Kh5 Qf7+ 47. Kg4 Qg6 48. Re5 Qd6 49. Kh5 Qf8 50. h7 1-0

[Event "33. Copenhagen Open (Politiken Cup)"]
[Site "Elsinore"]
[Date "2011.08.07"]
[Round "10"]
[White "Nielsen, Peter"]
[Black "Simonsen, Per"]
[Result "1/2-1/2"]
[WhiteElo "1802"]
[BlackElo "1912"]
[PlyCount "76"]
[EventDate "2011.07.30"]
[EventType "swiss"]
[EventRounds "10"]
[EventCountry "DEN"]
[Source "ChessBase"]
[SourceDate "2011.08.29"]

1. e4 c5 2. Nc3 e5 3. d3 d6 4. g3 Nc6 5. Bg2 h6 6. Nge2 g5 7. O-O Nf6 8. a3 Bd7
9. Rb1 a5 10. Be3 Qc8 11. Qd2 Bh3 12. Nd5 Nxd5 13. exd5 Bxg2 14. Kxg2 Ne7 15.
c4 f5 16. f4 gxf4 17. gxf4 e4 18. Kh1 Rg8 19. Rg1 b6 20. Rxg8 Nxg8 21. Qc3 Qd7
22. Rg1 exd3 23. Qxd3 Qf7 24. Ng3 Ne7 25. Bd2 Kd7 26. Bc3 h5 27. h4 Bh6 28. Qf3
Bg7 29. Qxh5 Qxh5 30. Nxh5 Bxc3 31. bxc3 Rh8 32. Nf6+ Kd8 33. Rg7 Rxh4+ 34. Kg2
Rxf4 35. Rf7 Rxc4 36. Rf8+ Kc7 37. Rf7 Kd8 38. Rf8+ Kc7 1/2-1/2

[Event "33. Copenhagen Open (Politiken Cup)"]
[Site "Elsinore"]
[Date "2011.08.07"]
[Round "10"]
[White "Nielsen, Poul Erik1"]
[Black "Thybo, Jesper Sondergaard"]
[Result "0-1"]
[WhiteElo "2083"]
[BlackElo "1921"]
[PlyCount "78"]
[EventDate "2011.07.30"]
[EventType "swiss"]
[EventRounds "10"]
[EventCountry "DEN"]
[Source "ChessBase"]
[SourceDate "2011.08.29"]

1. d4 c5 2. Nf3 Nf6 3. c4 e6 4. Nc3 cxd4 5. Nxd4 Bb4 6. Bd2 Nc6 7. Nc2 Bc5 8.
e3 O-O 9. a3 a5 10. Be2 d5 11. cxd5 Nxd5 12. Nxd5 Qxd5 13. Bf3 Qb3 14. Bc3 Rd8
15. Nd4 Nxd4 16. Bxd4 Qb6 17. Bxc5 Rxd1+ 18. Rxd1 Qc7 19. O-O Bd7 20. b4 Bc6
21. Bxc6 Qxc6 22. Rd6 Qa4 23. bxa5 Qxa5 24. Bb4 Qc7 25. Rfd1 Rc8 26. h3 h6 27.
Rd7 Qc2 28. R1d4 Qb1+ 29. Kh2 Rc1 30. Rxb7 Rh1+ 31. Kg3 Qg6+ 32. Rg4 Qf6 33.
Rb5 Qd8 34. Rd4 Qc7+ 35. Bd6 Qc6 36. Rc5 Qb7 37. Rc7 Qb1 38. Rb4 Qg1 39. Rb2
Qh2+ 0-1

[Event "33. Copenhagen Open (Politiken Cup)"]
[Site "Elsinore"]
[Date "2011.08.07"]
[Round "10"]
[White "Nordin, Eric"]
[Black "Pimenta, Antonio"]
[Result "1/2-1/2"]
[WhiteElo "1876"]
[BlackElo "2006"]
[PlyCount "37"]
[EventDate "2011.07.30"]
[EventType "swiss"]
[EventRounds "10"]
[EventCountry "DEN"]
[Source "ChessBase"]
[SourceDate "2011.08.29"]

1. e4 d5 2. exd5 Qxd5 3. Nf3 Bg4 4. Be2 Nc6 5. Nc3 Qd7 6. d4 O-O-O 7. d5 Nb4 8.
Ne5 Bxe2 9. Qxe2 Qe8 10. O-O Nf6 11. Nb5 a6 12. Nxc7 Kxc7 13. Qc4+ Kb8 14. Qxb4
e6 15. Qb3 Nxd5 16. c4 Bd6 17. cxd5 Bxe5 18. Be3 Qb5 19. Qxb5 1/2-1/2

[Event "33. Copenhagen Open (Politiken Cup)"]
[Site "Elsinore"]
[Date "2011.08.07"]
[Round "10"]
[White "Nordstrom, Hakon N"]
[Black "Hinrichs, Lars"]
[Result "1/2-1/2"]
[WhiteElo "1768"]
[BlackElo "1894"]
[PlyCount "26"]
[EventDate "2011.07.30"]
[EventType "swiss"]
[EventRounds "10"]
[EventCountry "DEN"]
[Source "ChessBase"]
[SourceDate "2011.08.29"]

1. d4 Nf6 2. Nf3 g6 3. e3 Bg7 4. Bd3 O-O 5. b3 c5 6. Bb2 b6 7. Nbd2 Bb7 8. Rc1
d5 9. O-O Ne4 10. c4 Nxd2 11. Nxd2 dxc4 12. Rxc4 Bd5 13. Be4 Bxc4 1/2-1/2

[Event "33. Copenhagen Open (Politiken Cup)"]
[Site "Elsinore"]
[Date "2011.08.07"]
[Round "10"]
[White "Okland, Sveinung"]
[Black "Rosell, Sven"]
[Result "0-1"]
[WhiteElo "1836"]
[BlackElo "1979"]
[PlyCount "52"]
[EventDate "2011.07.30"]
[EventType "swiss"]
[EventRounds "10"]
[EventCountry "DEN"]
[Source "ChessBase"]
[SourceDate "2011.08.29"]

1. d4 Nf6 2. Nc3 d5 3. e4 dxe4 4. f3 exf3 5. Nxf3 g6 6. Bc4 Bg7 7. O-O O-O 8.
Qe1 Bg4 9. Qh4 Bxf3 10. Rxf3 Nc6 11. Be3 Qd7 12. Raf1 Na5 13. Bd3 Ng4 14. Bf5
gxf5 15. Rh3 h6 16. Bxh6 Nxh6 17. Rg3 Kh7 18. Rxg7+ Kxg7 19. Qg5+ Kh7 20. Ne2
Rg8 21. Qh5 Rg6 22. c3 Rag8 23. Nf4 Rg5 24. Qh3 Rg4 25. Qf3 Rxf4 26. Qxf4 Nc4
0-1

[Event "33. Copenhagen Open (Politiken Cup)"]
[Site "Elsinore"]
[Date "2011.08.07"]
[Round "10"]
[White "Ostby, Martin Bergsjo"]
[Black "Svane, Frederik"]
[Result "1/2-1/2"]
[WhiteElo "1288"]
[BlackElo "1699"]
[PlyCount "129"]
[EventDate "2011.07.30"]
[EventType "swiss"]
[EventRounds "10"]
[EventCountry "DEN"]
[Source "ChessBase"]
[SourceDate "2011.08.29"]

1. e4 c5 2. Nf3 Nc6 3. d4 cxd4 4. Nxd4 Nf6 5. Nc3 e5 6. Nb3 Bb4 7. Bg5 h6 8.
Bxf6 Qxf6 9. a3 Bxc3+ 10. bxc3 O-O 11. Qf3 d6 12. Bc4 Qg6 13. O-O Be6 14. Bd5
Bxd5 15. exd5 Ne7 16. Rac1 e4 17. Qd1 Rac8 18. Qd4 b6 19. c4 Rc7 20. Nd2 f5 21.
Rfe1 Qg4 22. Re3 Ng6 23. f3 exf3 24. Nxf3 Qxd4 25. Nxd4 Rxc4 26. Nb5 Rc5 27. c4
Rf6 28. Nxa7 Nf4 29. Nb5 Nxd5 30. Rd3 Nf4 31. Rd2 Rc6 32. g3 Nh3+ 33. Kg2 Ng5
34. Rf2 g6 35. Rd2 Ne4 36. Rd5 g5 37. Nd4 Rc5 38. Rf1 f4 39. gxf4 gxf4 40. Rxc5
bxc5 41. Ne2 Nd2 42. Rxf4 Rxf4 43. Nxf4 Nxc4 44. a4 Kf7 45. Kf3 Kf6 46. Ke4 Ke7
47. Nd5+ Ke6 48. Nf4+ Kd7 49. Nd5 Kc6 50. Ne7+ Kd7 51. Ng8 Nb2 52. a5 Kc6 53.
Nxh6 Kb5 54. Kd5 Kxa5 55. Nf5 Kb4 56. Nxd6 c4 57. Nxc4 Nxc4 58. h4 Kc3 59. h5
Ne3+ 60. Ke4 Ng4 61. Kf4 Nh6 62. Kg5 Nf7+ 63. Kg6 Ne5+ 64. Kf6 Ng4+ 65. Kg5
1/2-1/2

[Event "33. Copenhagen Open (Politiken Cup)"]
[Site "Elsinore"]
[Date "2011.08.07"]
[Round "10"]
[White "Overas, Jan Magne"]
[Black "Rasmussen, Morten(1956)"]
[Result "0-1"]
[WhiteElo "1503"]
[BlackElo "1889"]
[PlyCount "78"]
[EventDate "2011.07.30"]
[EventType "swiss"]
[EventRounds "10"]
[EventCountry "DEN"]
[Source "ChessBase"]
[SourceDate "2011.08.29"]

1. d4 d5 2. c4 Nc6 3. Nf3 Bg4 4. e3 e5 5. h3 Bxf3 6. gxf3 exd4 7. cxd5 Qxd5 8.
e4 Bb4+ 9. Nd2 Qa5 10. a3 Nf6 11. Rb1 Be7 12. b4 Qh5 13. Be2 Qg6 14. b5 Ne5 15.
Bf1 O-O 16. Nc4 Nxc4 17. Bxc4 Nxe4 18. Bd3 Qg2 19. Rf1 Nc3 20. Qc2 Nxb1 21.
Qxb1 Rfe8 22. Kd1 Qxf3+ 23. Be2 Qc3 24. Bd2 Qxa3 25. Bd3 g6 26. Bc4 Rad8 27. f4
Bf6 28. f5 Kg7 29. h4 Qa4+ 30. Bb3 Qxb5 31. Rg1 Qe2+ 32. Kc1 Re5 33. Bb4 Qe3+
34. Kb2 Rb5 35. Ka3 a5 36. fxg6 hxg6 37. Re1 axb4+ 38. Ka4 c6 39. Qxg6+ fxg6
0-1

[Event "33. Copenhagen Open (Politiken Cup)"]
[Site "Elsinore"]
[Date "2011.08.07"]
[Round "10"]
[White "Pavlovskaya, Evgenija"]
[Black "Vesterli, Michael E"]
[Result "0-1"]
[WhiteElo "2175"]
[BlackElo "1969"]
[PlyCount "80"]
[EventDate "2011.07.30"]
[EventType "swiss"]
[EventRounds "10"]
[EventCountry "DEN"]
[Source "ChessBase"]
[SourceDate "2011.08.29"]

1. e4 c5 2. Nf3 d6 3. d3 Nc6 4. c3 Nf6 5. Be2 g6 6. Nbd2 Bg7 7. O-O O-O 8. Re1
e5 9. Nf1 d5 10. Qc2 Be6 11. Ng5 Bd7 12. exd5 Nxd5 13. Bf3 Nf4 14. Ne4 b6 15.
g3 Nh3+ 16. Kg2 g5 17. Ne3 f5 18. Nd6 Rf6 19. Bd5+ Kf8 20. Nf7 Rxf7 21. Bxf7
Kxf7 22. Kxh3 f4+ 23. Kg2 fxe3 24. fxe3 e4 25. d4 Qe7 26. d5 Nd8 27. c4 Bg4 28.
Rb1 Bf3+ 29. Kg1 Kg8 30. b4 Nf7 31. bxc5 Qxc5 32. Rb5 Qc8 33. c5 g4 34. d6 Nxd6
35. Qb3+ Nf7 36. cxb6 axb6 37. Rxb6 Qc3 38. Rb8+ Rxb8 39. Qxb8+ Bf8 40. Rf1 Ng5
0-1

[Event "33. Copenhagen Open (Politiken Cup)"]
[Site "Elsinore"]
[Date "2011.08.07"]
[Round "10"]
[White "Pedersen, Carl Aage"]
[Black "Skjoldager, Per"]
[Result "0-1"]
[WhiteElo "1752"]
[BlackElo "2126"]
[PlyCount "80"]
[EventDate "2011.07.30"]
[EventType "swiss"]
[EventRounds "10"]
[EventCountry "DEN"]
[Source "ChessBase"]
[SourceDate "2011.08.29"]

1. d4 Nf6 2. c4 e6 3. Nc3 b6 4. Nf3 Bb7 5. Bg5 Be7 6. e3 O-O 7. Be2 d5 8. O-O
dxc4 9. Bxc4 h6 10. Bh4 Nbd7 11. h3 Ne4 12. Bxe7 Qxe7 13. Nxe4 Bxe4 14. Bd3 Bb7
15. Qe2 e5 16. dxe5 Nxe5 17. Nxe5 Qxe5 18. Qc2 c5 19. Rfd1 Rad8 20. Bf1 Be4 21.
Qc3 Qxc3 22. bxc3 Bc2 23. Rxd8 Rxd8 24. Rc1 Rd2 25. Bc4 Ba4 26. Kf1 Kf8 27. Ke1
Rb2 28. Bd5 Bb5 29. c4 Ba4 30. a3 Rb3 31. Ra1 Rc3 32. Kd2 Rc2+ 33. Kd3 Rxf2 34.
Rc1 Ke7 35. Bf3 f5 36. Re1 f4 37. Rc1 Ke6 38. Bg4+ Ke5 39. Bf3 Ra2 40. Rc3 g5
0-1

[Event "33. Copenhagen Open (Politiken Cup)"]
[Site "Elsinore"]
[Date "2011.08.07"]
[Round "10"]
[White "Pedersen, Lars Foldager"]
[Black "Haagen Larsen, Hans"]
[Result "1-0"]
[WhiteElo "1916"]
[BlackElo "1732"]
[PlyCount "75"]
[EventDate "2011.07.30"]
[EventType "swiss"]
[EventRounds "10"]
[EventCountry "DEN"]
[Source "ChessBase"]
[SourceDate "2011.08.29"]

1. e4 e6 2. d3 d5 3. Nc3 Nf6 4. e5 Nfd7 5. f4 c5 6. Nf3 Nc6 7. Bd2 Be7 8. Be2
a6 9. O-O O-O 10. a4 Qc7 11. Qe1 Nd4 12. Bd1 Nxf3+ 13. Bxf3 f5 14. exf6 Nxf6
15. Qe2 d4 16. Ne4 Nd5 17. Ng5 Qd6 18. Be4 Bxg5 19. fxg5 g6 20. Rxf8+ Qxf8 21.
Rf1 Qd6 22. Qf3 Bd7 23. Qf7+ Kh8 24. Bxd5 exd5 25. Rf6 Be8 26. Qxe8+ Rxe8 27.
Rxd6 Re2 28. Bf4 Rxc2 29. Rd8+ Kg7 30. Rd7+ Kg8 31. Rxb7 c4 32. Rc7 c3 33. bxc3
dxc3 34. Be5 Ra2 35. Bxc3 Rxa4 36. Rg7+ Kf8 37. Rd7 Rg4 38. Rxd5 1-0

[Event "33. Copenhagen Open (Politiken Cup)"]
[Site "Elsinore"]
[Date "2011.08.07"]
[Round "10"]
[White "Brondt, Nicolai Kvist"]
[Black "Nilsson, Patrik"]
[Result "1-0"]
[WhiteElo "2130"]
[BlackElo "2057"]
[PlyCount "69"]
[EventDate "2011.07.30"]
[EventType "swiss"]
[EventRounds "10"]
[EventCountry "DEN"]
[Source "ChessBase"]
[SourceDate "2011.08.29"]

1. d4 f5 2. Nc3 Nf6 3. Bg5 d5 4. Bxf6 exf6 5. e3 Be6 6. Bd3 Qd7 7. Nf3 Nc6 8.
Ne2 g5 9. c3 Bd6 10. Qc2 Ne7 11. O-O-O b5 12. h4 g4 13. Nd2 Rc8 14. Nb3 c5 15.
dxc5 Bxc5 16. Ned4 a6 17. Nxe6 Qxe6 18. Nd4 Bxd4 19. exd4 O-O 20. Rhe1 Qd6 21.
Qe2 Rf7 22. Qe6 Qf4+ 23. Kb1 b4 24. Qxa6 Qb8 25. Re6 bxc3 26. b3 Ng6 27. Rxf6
Ra7 28. Qe6+ Kg7 29. Qxf5 Rxa2 30. Kxa2 Qb7 31. Rf7+ Qxf7 32. Qxc8 Qxf2+ 33.
Ka3 Qxd4 34. Qc7+ Kh6 35. Bxg6 1-0

[Event "33. Copenhagen Open (Politiken Cup)"]
[Site "Elsinore"]
[Date "2011.08.07"]
[Round "10"]
[White "Petersen, Tom"]
[Black "Satre, Mathias"]
[Result "1/2-1/2"]
[WhiteElo "1997"]
[BlackElo "1756"]
[PlyCount "76"]
[EventDate "2011.07.30"]
[EventType "swiss"]
[EventRounds "10"]
[EventCountry "DEN"]
[Source "ChessBase"]
[SourceDate "2011.08.29"]

1. d4 Nf6 2. Nf3 g6 3. Bf4 Bg7 4. e3 d6 5. Bc4 O-O 6. O-O c5 7. c3 Bd7 8. Nbd2
b5 9. Bb3 Nc6 10. Re1 Qb6 11. Qe2 Nh5 12. Bg3 e5 13. dxc5 dxc5 14. Bd5 Rae8 15.
Ng5 h6 16. Nxf7 Rxf7 17. Bxf7+ Kxf7 18. Ne4 Kg8 19. Red1 Be6 20. b3 Rd8 21.
Rxd8+ Nxd8 22. Rd1 Nf7 23. Bh4 Bf5 24. Nd2 Nf6 25. Bxf6 Bxf6 26. Qf3 Ng5 27.
Qa8+ Qd8 28. Qxd8+ Bxd8 29. Nf3 Nxf3+ 30. gxf3 Bb6 31. e4 Be6 32. Kg2 Kf7 33.
Kg3 g5 34. h4 Ke7 35. hxg5 hxg5 36. Kg2 c4 37. b4 a5 38. a3 Bc7 1/2-1/2

[Event "33. Copenhagen Open (Politiken Cup)"]
[Site "Elsinore"]
[Date "2011.08.07"]
[Round "10"]
[White "Petersen, Tom Petri"]
[Black "Petersen, Peter Birk"]
[Result "1-0"]
[WhiteElo "2324"]
[BlackElo "2156"]
[PlyCount "149"]
[EventDate "2011.07.30"]
[EventType "swiss"]
[EventRounds "10"]
[EventCountry "DEN"]
[Source "ChessBase"]
[SourceDate "2011.08.29"]

1. Nf3 c5 2. g3 Nc6 3. Bg2 g6 4. O-O Bg7 5. c3 Qc7 6. e4 d6 7. Re1 Nf6 8. d4
O-O 9. h3 a6 10. d5 Ne5 11. Nxe5 dxe5 12. Bg5 Ne8 13. Nd2 Nd6 14. Nf3 f6 15.
Bd2 Bd7 16. b3 b6 17. Qe2 Rfb8 18. h4 Nf7 19. Nh2 Bh6 20. Red1 Bxd2 21. Rxd2
Kg7 22. h5 Qc8 23. Bf3 Nd6 24. Qe3 Qf8 25. Kg2 g5 26. Bg4 Bxg4 27. Nxg4 Kh8 28.
f3 Qg7 29. Qe2 h6 30. Rc2 Kh7 31. Ne3 Qf7 32. g4 Qe8 33. Kg3 Qd7 34. c4 a5 35.
Qd3 Ra7 36. Rb1 Rba8 37. a3 Qc7 38. b4 axb4 39. axb4 Kg7 40. Qc3 Ra3 41. Rb3
cxb4 42. Qxb4 Rxb3 43. Qxb3 Qc5 44. Rc3 Ra1 45. Qb2 Re1 46. Qd2 Rb1 47. Qa2 Re1
48. Qa3 Qd4 49. Rd3 Ra1 50. Qc3 Qxc3 51. Rxc3 Kf7 52. Rb3 Ra6 53. Rb4 Ke8 54.
Kf2 Kd7 55. Rb2 Kc7 56. Ke2 Ra3 57. Rc2 Ra5 58. Kd3 Kb7 59. Rc3 Rc5 60. Ra3 Rc8
61. Rb3 Rc5 62. Kc3 Rc8 63. Kb4 Rc5 64. Rc3 Kc7 65. Nf1 Kb7 66. Nd2 Rc7 67. c5
bxc5+ 68. Rxc5 Rxc5 69. Kxc5 Kc7 70. Nf1 Kd7 71. Ne3 e6 72. dxe6+ Kxe6 73. Nf5
Nxf5 74. gxf5+ Ke7 75. Kc6 1-0

[Event "33. Copenhagen Open (Politiken Cup)"]
[Site "Elsinore"]
[Date "2011.08.07"]
[Round "10"]
[White "Petrov, Marian"]
[Black "Ruck, Robert"]
[Result "1/2-1/2"]
[WhiteElo "2534"]
[BlackElo "2569"]
[PlyCount "41"]
[EventDate "2011.07.30"]
[EventType "swiss"]
[EventRounds "10"]
[EventCountry "DEN"]
[Source "ChessBase"]
[SourceDate "2011.08.29"]

1. e4 c5 2. Nf3 d6 3. d4 cxd4 4. Nxd4 Nf6 5. Nc3 a6 6. f4 Nbd7 7. Nf3 e6 8. Bd3
Nc5 9. O-O Be7 10. Be3 Nxd3 11. cxd3 O-O 12. Nd4 e5 13. Nf5 Bxf5 14. exf5 Qd7
15. g4 exf4 16. Bxf4 Qc6 17. h3 Nd5 18. Nxd5 Qxd5 19. Qf3 Qxf3 20. Rxf3 Bf6 21.
Kf1 1/2-1/2

[Event "33. Copenhagen Open (Politiken Cup)"]
[Site "Elsinore"]
[Date "2011.08.07"]
[Round "10"]
[White "Poulsen, Iver"]
[Black "Fisher, William"]
[Result "0-1"]
[WhiteElo "2102"]
[BlackElo "2178"]
[PlyCount "60"]
[EventDate "2011.07.30"]
[EventType "swiss"]
[EventRounds "10"]
[EventCountry "DEN"]
[Source "ChessBase"]
[SourceDate "2011.08.29"]

1. e4 c5 2. Nc3 d6 3. Nge2 Nf6 4. d4 cxd4 5. Nxd4 a6 6. Be3 e6 7. g4 e5 8. Nf5
g6 9. g5 gxf5 10. exf5 d5 11. gxf6 d4 12. Bc4 Qc7 13. Qd3 dxc3 14. O-O-O cxb2+
15. Kb1 Nc6 16. f4 Bb4 17. Rhg1 b5 18. Bd5 Bb7 19. Qe4 O-O-O 20. Bxc6 Bc3 21.
Bxb7+ Qxb7 22. Qxb7+ Kxb7 23. Rd3 Rxd3 24. cxd3 exf4 25. Bxf4 Rd8 26. h4 Rxd3
27. Kc2 Rf3 28. Bg5 Kc6 29. Rd1 b4 30. a3 bxa3 0-1

[Event "33. Copenhagen Open (Politiken Cup)"]
[Site "Elsinore"]
[Date "2011.08.07"]
[Round "10"]
[White "Preuss, Flemming"]
[Black "Randlov, Carsten"]
[Result "1-0"]
[WhiteElo "1991"]
[BlackElo "1872"]
[PlyCount "49"]
[EventDate "2011.07.30"]
[EventType "swiss"]
[EventRounds "10"]
[EventCountry "DEN"]
[Source "ChessBase"]
[SourceDate "2011.08.29"]

1. f4 d5 2. Nf3 c5 3. d3 Nf6 4. g3 Nc6 5. Bg2 e6 6. O-O Bd6 7. Qe1 d4 8. Na3
O-O 9. Nc4 Nb4 10. Qd1 Nbd5 11. Bd2 b5 12. Nce5 Bb7 13. c3 Bxe5 14. Nxe5 Qb6
15. Qe1 Rad8 16. cxd4 cxd4 17. Ba5 Qd6 18. Bxd8 Rxd8 19. Qf2 Qb6 20. Rfc1 h6
21. h3 Ba8 22. g4 g6 23. Kh1 Rf8 24. g5 Nh5 25. Nd7 1-0

[Event "33. Copenhagen Open (Politiken Cup)"]
[Site "Elsinore"]
[Date "2011.08.07"]
[Round "10"]
[White "Ramme, Christoph"]
[Black "Johansson, Thomas"]
[Result "1/2-1/2"]
[WhiteElo "2108"]
[BlackElo "2207"]
[PlyCount "132"]
[EventDate "2011.07.30"]
[EventType "swiss"]
[EventRounds "10"]
[EventCountry "DEN"]
[Source "ChessBase"]
[SourceDate "2011.08.29"]

1. e4 Nf6 2. Nc3 e6 3. d4 d5 4. Bg5 Bb4 5. exd5 Qxd5 6. Bxf6 gxf6 7. Qd2 Qa5 8.
Nge2 Bd7 9. a3 Nc6 10. Rd1 Be7 11. g3 O-O-O 12. Bg2 h5 13. h4 f5 14. O-O Bf6
15. b4 Qb6 16. Na4 Qa6 17. Nc5 Qc4 18. Qd3 Qxd3 19. Rxd3 Be8 20. Nxb7 Nxd4 21.
Nc1 Bb5 22. Nxd8 Rxd8 23. Rfd1 Bxd3 24. Rxd3 Nxc2 25. Bf3 Rh8 26. Bd1 Nd4 27.
Nb3 Nc6 28. Be2 Bb2 29. b5 Ne5 30. Rd2 Bxa3 31. Ra2 Bd6 32. Rxa7 Kd7 33. b6 Rb8
34. Bb5+ Kd8 35. b7 c6 36. Ba6 c5 37. Nd2 Kc7 38. Ra8 f6 39. Kg2 Kc6 40. Nc4
Nd7 41. Nxd6 Kxd6 42. Rxb8 Nxb8 43. Be2 Kc7 44. Bxh5 Nd7 45. Bf7 Nf8 46. h5
Kxb7 47. h6 e5 48. Bg8 Kc6 49. h7 Ng6 50. Bf7 Nh8 51. Be6 e4 52. Bxf5 Kd5 53.
f3 exf3+ 54. Kxf3 Kd6 55. Ke4 Nf7 56. Bg6 Nh8 57. Kf5 Ke7 58. Bh5 c4 59. Bd1
Kf7 60. Bc2 Kg7 61. Ke6 Nf7 62. Kd5 Ne5 63. Kd4 Kh8 64. Kd5 Kg7 65. Kd4 Kh8 66.
Kd5 Kg7 1/2-1/2

[Event "33. Copenhagen Open (Politiken Cup)"]
[Site "Elsinore"]
[Date "2011.08.07"]
[Round "10"]
[White "Rapport, Richard"]
[Black "Kurnosov, Igor"]
[Result "0-1"]
[WhiteElo "2545"]
[BlackElo "2633"]
[PlyCount "120"]
[EventDate "2011.07.30"]
[EventType "swiss"]
[EventRounds "10"]
[EventCountry "DEN"]
[Source "ChessBase"]
[SourceDate "2011.08.29"]

1. d4 Nf6 2. c4 g6 3. g3 Bg7 4. Bg2 d5 5. cxd5 Nxd5 6. e4 Nb6 7. Ne2 c5 8. d5
e6 9. O-O O-O 10. Nec3 Na6 11. Na3 exd5 12. exd5 Bf5 13. Be3 Qd7 14. Qd2 Bh3
15. Bxh3 Qxh3 16. Rad1 Rfd8 17. d6 Qf5 18. Rfe1 Nb4 19. Ne4 Nd7 20. Bxc5 Nc6
21. Be3 Nde5 22. Ng5 h6 23. f4 hxg5 24. fxe5 Nxe5 25. Qd5 Nf3+ 26. Kf2 Nxe1+
27. Qxf5 gxf5 28. Bxg5 Bxb2 29. Bxd8 Rxd8 30. Nc4 Bc3 31. Ne3 Ba5 32. Nc4 Bc3
33. Ne3 Kf8 34. Rd5 b6 35. a3 Ke8 36. h4 Kd7 37. h5 Ke6 38. Rd1 Rxd6 39. Rxd6+
Kxd6 40. Ke2 Ke5 41. h6 Ke4 42. Nd1 Bd4 43. Kxe1 f4 44. gxf4 Kxf4 45. h7 Kg5
46. Ke2 Kg6 47. Kd3 Bg7 48. Kc4 Kxh7 49. Ne3 Kg6 50. Kb5 Bd4 51. Nc2 Bf2 52.
Ka6 Kf5 53. Nb4 Ke4 54. Nc6 f5 55. Nd8 f4 56. Ne6 Kf5 57. Nxf4 Kxf4 58. Kxa7
Ke5 59. Ka6 Kd6 60. a4 Kc5 0-1